[Event "Monarch Assurance Isle of Man 4th"]
[Site "Port Erin IOM"]
[Date "1995.10.11"]
[Round "5"]
[White "Hebden, Mark"]
[Black "Hartman, Christer"]
[Result "1/2-1/2"]
[WhiteElo "2570"]
[BlackElo "2345"]
[PlyCount "117"]
[EventDate "1995.10.07"]
[EventType "swiss"]
[EventRounds "9"]
[EventCountry "IOM"]
[SourceTitle "BritBase"]

1. Nf3 d5 2. c4 dxc4 3. e3 Nf6 4. Bxc4 e6 5. d4 c5 6. O-O a6 7. Qe2 b5 8. Bb3
Bb7 9. a4 b4 10. Rd1 Nbd7 11. e4 cxd4 12. e5 Nd5 13. Rxd4 Nc5 14. Bc4 Be7 15.
Nbd2 Qc7 16. a5 O-O 17. Nf1 f5 18. Ne3 Nxe3 19. Bxe3 Bxf3 20. Qxf3 Qxe5 21.
Rad1 Ne4 22. Rd7 Bc5 23. R7d5 exd5 24. Rxd5 Qb8 25. Qxf5 Kh8 26. Qxe4 Bxe3 27.
fxe3 Qe8 28. Re5 Rd8 29. h4 Rd1+ 30. Kh2 Qb8 31. Kh3 Rh1+ 32. Kg4 Qd8 33. Kg3
Qd1 34. Rf5 Qd6+ 35. Qe5 Qg6+ 36. Rg5 Qf6 37. Qxf6 gxf6 38. Rf5 Ra1 39. Bxa6
Ra8 40. Bc4 R1xa5 41. Rxf6 Re5 42. Kf2 Rae8 43. b3 Rxe3 44. Rb6 Rc3 45. Rxb4
Rf8+ 46. Kg1 Rf4 47. Rb8+ Kg7 48. Rb7+ Kh6 49. Bg8 Rc1+ 50. Kh2 Rxh4+ 51. Kg3
Rd4 52. Rxh7+ Kg6 53. Rb7 Rc3+ 54. Kh2 Rd8 55. Be6 Kf6 56. Bh3 Rdd3 57. b4 Rb3
58. Rb8 Rd4 59. b5 1/2-1/2

[Event "Monarch Assurance Isle of Man 4th"]
[Site "Port Erin IOM"]
[Date "1995.10.11"]
[Round "5"]
[White "Khenkin, Igor"]
[Black "Howell, James C"]
[Result "1-0"]
[WhiteElo "2555"]
[BlackElo "2525"]
[PlyCount "93"]
[EventDate "1995.10.07"]
[EventType "swiss"]
[EventRounds "9"]
[EventCountry "IOM"]
[SourceTitle "BritBase"]

1. d4 Nf6 2. c4 g6 3. Nc3 Bg7 4. e4 d6 5. f3 O-O 6. Nge2 c5 7. Be3 Nc6 8. d5
Ne5 9. Ng3 e6 10. Be2 exd5 11. cxd5 a6 12. O-O b5 13. Qd2 Re8 14. b3 Bd7 15. a4
bxa4 16. bxa4 Rb8 17. Bxa6 Rb3 18. Rfc1 Qa5 19. Be2 Ra8 20. Nb5 Bxb5 21. Bxb5
Qxd2 22. Bxd2 Rxf3 23. gxf3 Nxf3+ 24. Kg2 Nxd2 25. Bc6 Ra7 26. e5 Nfe4 27. Nxe4
Nxe4 28. a5 Bxe5 29. Ra4 Nc3 30. Ra3 Kg7 31. Kf3 Nxd5 32. Bxd5 Bb2 33. Rca1
Bxa1 34. Rxa1 f5 35. Ke3 Kf6 36. Kd3 g5 37. Kc4 g4 38. Kb5 Ke5 39. Bc6 f4 40.
Re1+ Kd4 41. Re4+ Kd3 42. Rxf4 c4 43. Rxg4 c3 44. Kb6 Re7 45. Rg3+ Kc4 46. Rg4+
Kd3 47. Bb5+ 1-0

[Event "Monarch Assurance Isle of Man 4th"]
[Site "Port Erin IOM"]
[Date "1995.10.11"]
[Round "5"]
[White "Lalic, Bogdan"]
[Black "Sadler, Matthew"]
[Result "1/2-1/2"]
[WhiteElo "2590"]
[BlackElo "2565"]
[PlyCount "33"]
[EventDate "1995.10.07"]
[EventType "swiss"]
[EventRounds "9"]
[EventCountry "IOM"]
[SourceTitle "BritBase"]

1. c4 e5 2. g3 Nc6 3. Bg2 g6 4. Nc3 Bg7 5. d3 d6 6. e4 Nge7 7. Nge2 O-O 8. O-O
h6 9. Nd5 f5 10. Be3 Kh7 11. Qd2 Bd7 12. Nxe7 Qxe7 13. exf5 Bxf5 14. d4 exd4
15. Nxd4 Be4 16. Nxc6 Bxc6 17. Bxc6 1/2-1/2

[Event "Monarch Assurance Isle of Man 4th"]
[Site "Port Erin IOM"]
[Date "1995.10.11"]
[Round "5"]
[White "Lalic, Susan"]
[Black "Spanton, Timothy"]
[Result "1/2-1/2"]
[WhiteElo "2315"]
[BlackElo "2060"]
[PlyCount "152"]
[EventDate "1995.10.07"]
[EventType "swiss"]
[EventRounds "9"]
[EventCountry "IOM"]
[SourceTitle "BritBase"]

1. e4 e5 2. Nf3 Nc6 3. Nc3 Nf6 4. d4 exd4 5. Nxd4 Bb4 6. Nxc6 bxc6 7. Bd3 d5 8.
exd5 cxd5 9. O-O O-O 10. Bg5 c6 11. Qf3 Bd6 12. Rfe1 h6 13. Bxf6 Qxf6 14. Qxf6
gxf6 15. Ne2 c5 16. c3 Rb8 17. b3 Re8 18. Ng3 Bg4 19. h3 Bxg3 20. hxg4 Be5 21.
Rac1 Bf4 22. Rxe8+ Rxe8 23. Rd1 Be5 24. Bb5 Rd8 25. Rd3 d4 26. c4 a5 27. g3 Bc7
28. Kg2 Rd6 29. Kf3 Re6 30. Rd1 Kg7 31. Bd7 Re7 32. Bf5 Bd6 33. Be4 Ra7 34. Bc6
Rc7 35. Bd5 Re7 36. Rd2 Kf8 37. Re2 Rxe2 38. Kxe2 Ke7 39. Be4 Be5 40. Kd3 Bd6
41. Bf5 Bc7 42. Ke4 Kd6 43. Kd3 Ke7 44. Kc2 Kd6 45. Kb2 a4 46. bxa4 Ba5 47. Kc2
Ke5 48. Kd3 Kd6 49. Ke4 Kc6 50. Kf3 Kd6 51. Ke4 Kc6 52. Kd3 Kd6 53. Be4 Ke6 54.
Bd5+ Ke7 55. Ke4 Bc3 56. a5 Bxa5 57. f3 Be1 58. Kd3 Bxg3 59. Kc2 Bf4 60. Be4
Kd6 61. a4 Kc7 62. a5 Kb8 63. Kb3 Ka7 64. Ka4 Ka6 65. Bf5 Bd6 66. Bc8+ Ka7 67.
Kb5 d3 68. Bf5 d2 69. Bc2 f5 70. Bd1 f4 71. Kc6 Be7 72. Kd7 Bf6 73. Kc6 Bd4 74.
Kb5 f5 75. Be2 fxg4 76. fxg4 Be3 1/2-1/2

[Event "Monarch Assurance Isle of Man 4th"]
[Site "Port Erin IOM"]
[Date "1995.10.11"]
[Round "5"]
[White "Nicholson, John"]
[Black "Martinovsky, Eugene"]
[Result "1/2-1/2"]
[WhiteElo "2065"]
[BlackElo "2305"]
[PlyCount "196"]
[EventDate "1995.10.07"]
[EventType "swiss"]
[EventRounds "9"]
[EventCountry "IOM"]
[SourceTitle "BritBase"]

1. e4 e5 2. Nf3 Nc6 3. Bb5 a6 4. Ba4 b5 5. Bb3 Bc5 6. c3 Qe7 7. O-O Nf6 8. d4
Bb6 9. Bg5 d6 10. Re1 h6 11. Bh4 O-O 12. d5 Na5 13. Bc2 Kh8 14. Nbd2 Bd7 15.
Nf1 c6 16. b3 Rac8 17. Ne3 g5 18. Bg3 cxd5 19. Nxd5 Nxd5 20. exd5 f6 21. Qd3
Qg7 22. Re2 Nb7 23. Rae1 Nc5 24. Qd2 Bg4 25. Nd4 exd4 26. Re7 Rf7 27. Bxd6 Bd7
28. cxd4 Nb7 29. Rxf7 Qxf7 30. Re7 Nxd6 31. Rxf7 Nxf7 32. h4 Kg7 33. hxg5 hxg5
34. a4 bxa4 35. bxa4 Bxd4 36. Qd3 Be5 37. g3 Rc3 38. Qh7+ Kf8 39. Bg6 Be8 40.
d6 Bxd6 41. Be4 Ke7 42. Bd5 Rc1+ 43. Kg2 Re1 44. Qd3 a5 45. Qc2 Re5 46. Qb3 Kf8
47. f4 gxf4 48. gxf4 Re7 49. Qc3 Bxf4 50. Qxf6 Bg5 51. Qd4 Ne5 52. Qb6 Ng6 53.
Bc4 Re5 54. Qb8 Kg7 55. Qc7+ Be7 56. Bb3 Rc5 57. Qb8 Bc6+ 58. Kf2 Rf5+ 59. Ke2
Bf3+ 60. Ke3 Bc5+ 61. Kd2 Re5 62. Bc4 Bb4+ 63. Kc2 Rc5 64. Qg8+ Kh6 65. Kb2 Rg5
66. Qe6 Rg2+ 67. Kb1 Bg4 68. Qe4 Rg1+ 69. Kb2 Bd2 70. Bd3 Bh5 71. Kb3 Bd1+ 72.
Kb2 Bh5 73. Kb3 Rg4 74. Qc6 Bg5 75. Bf5 Rf4 76. Bc2 Rf6 77. Qc7 Bf4 78. Qxa5
Bg4 79. Be4 Be6+ 80. Kc2 Bd6 81. Qd8 Be7 82. Qd2+ Kg7 83. a5 Bc5 84. Qc3 Bg1
85. Bxg6 Kxg6 86. Qg3+ Kf5 87. Qxg1 Bd5 88. a6 Be4+ 89. Kb3 Ke5 90. a7 Ra6 91.
Kb4 Bd5 92. Qh2+ Kd4 93. Qf4+ Be4 94. Qc7 Bc6 95. Qd6+ Ke4 96. Qe7+ Kd5 97.
Qf7+ Kd6 98. Qf4+ Ke7 1/2-1/2

[Event "Monarch Assurance Isle of Man 4th"]
[Site "Port Erin IOM"]
[Date "1995.10.11"]
[Round "5"]
[White "O'Shaughnessy, Conor"]
[Black "Pliester, Leon"]
[Result "1-0"]
[WhiteElo "2230"]
[BlackElo "2375"]
[PlyCount "71"]
[EventDate "1995.10.07"]
[EventType "swiss"]
[EventRounds "9"]
[EventCountry "IOM"]
[SourceTitle "BritBase"]

1. e4 c5 2. Nf3 e6 3. c3 d5 4. exd5 exd5 5. d4 Nc6 6. Be3 Qb6 7. Qb3 c4 8. Qxb6
axb6 9. g3 Bd6 10. Bg2 Nge7 11. O-O f6 12. Nbd2 Kf7 13. Rfe1 g5 14. Nf1 Bf5 15.
N3d2 Ra5 16. f4 Rha8 17. a3 g4 18. Bf2 h5 19. Ne3 Bd3 20. Rec1 Rb5 21. Ra2 Ke6
22. Re1 Kd7 23. a4 Rba5 24. Rea1 f5 25. b3 cxb3 26. Nxb3 R5a6 27. Nxd5 Bc4 28.
Nf6+ Ke6 29. d5+ Kxf6 30. dxc6 Bxb3 31. cxb7 Rb8 32. Rb2 Be6 33. Bf1 Ra7 34.
Rxb6 Bxf4 35. Bg2 Raxb7 36. Rxb7 1-0

[Event "Monarch Assurance Isle of Man 4th"]
[Site "Port Erin IOM"]
[Date "1995.10.11"]
[Round "5"]
[White "Ryan, Joseph"]
[Black "Engqvist, Thomas"]
[Result "1-0"]
[WhiteElo "2210"]
[BlackElo "2405"]
[PlyCount "73"]
[EventDate "1995.10.07"]
[EventType "swiss"]
[EventRounds "9"]
[EventCountry "IOM"]
[SourceTitle "BritBase"]

1. d4 Nf6 2. Nf3 e6 3. e3 d5 4. Bd3 c5 5. b3 Nc6 6. O-O Bd6 7. Bb2 O-O 8. c4 b6
9. Nc3 cxd4 10. exd4 dxc4 11. bxc4 e5 12. d5 Na5 13. Re1 Bg4 14. h3 Bxf3 15.
Qxf3 Rc8 16. Nb5 Bb8 17. d6 a6 18. Nc7 e4 19. Rxe4 Qxd6 20. Be5 Qc6 21. Bxf6
Qxf6 22. Qxf6 gxf6 23. Nd5 f5 24. Rh4 Be5 25. Rb1 Rce8 26. Rxb6 Re6 27. Bxf5
Rxb6 28. Nxb6 Rd8 29. Nd7 Bc7 30. Bxh7+ Kg7 31. Bf5 Nc6 32. Rh7+ Kg8 33. Nf6+
Kf8 34. Rh8+ Kg7 35. Rxd8 Bxd8 36. Nd5 Nd4 37. Bd7 1-0

[Event "Monarch Assurance Isle of Man 4th"]
[Site "Port Erin IOM"]
[Date "1995.10.11"]
[Round "5"]
[White "Sher, Miron N"]
[Black "Hodgson, Julian"]
[Result "0-1"]
[WhiteElo "2510"]
[BlackElo "2590"]
[PlyCount "72"]
[EventDate "1995.10.07"]
[EventType "swiss"]
[EventRounds "9"]
[EventCountry "IOM"]
[SourceTitle "BritBase"]

1. c4 e5 2. g3 Nc6 3. Bg2 f5 4. Nc3 Nf6 5. e3 g6 6. Nge2 Bg7 7. O-O O-O 8. d3
Ne7 9. e4 d6 10. exf5 Nxf5 11. Ne4 Nxe4 12. Bxe4 c6 13. Qb3 Rf7 14. f4 exf4 15.
Bxf4 Be6 16. Bd2 Nd4 17. Nxd4 Bxd4+ 18. Kh1 Qd7 19. Rxf7 Qxf7 20. Bg2 d5 21.
Rf1 dxc4 22. dxc4 Qg7 23. Bc1 Rf8 24. Re1 Qf7 25. Qd1 Bf2 26. Re4 Bxc4 27. Rf4
Qe6 28. Rxf8+ Kxf8 29. Qf3+ Qf7 30. Qc3 Kg8 31. Qe5 Bb6 32. Qb8+ Kg7 33. Bf4
Qd7 34. Qe5+ Kf7 35. h4 Qd1+ 36. Kh2 Bg1+ 0-1

[Event "Monarch Assurance Isle of Man 4th"]
[Site "Port Erin IOM"]
[Date "1995.10.11"]
[Round "5"]
[White "Stohl, Igor"]
[Black "Kristensen, Bjarke"]
[Result "1-0"]
[WhiteElo "2525"]
[BlackElo "2440"]
[PlyCount "89"]
[EventDate "1995.10.07"]
[EventType "swiss"]
[EventRounds "9"]
[EventCountry "IOM"]
[SourceTitle "BritBase"]

1. d4 f5 2. g3 Nf6 3. Bg2 g6 4. b3 Bg7 5. Bb2 c6 6. Nf3 a5 7. a4 Na6 8. O-O Nb4
9. Nbd2 O-O 10. Ne1 d6 11. c3 Nbd5 12. Nd3 Qe8 13. Qc2 Qf7 14. c4 Nb4 15. Nxb4
axb4 16. Rad1 g5 17. Nf3 Qh5 18. e3 f4 19. exf4 gxf4 20. Rde1 Bg4 21. Qd3 e6
22. Nh4 Rae8 23. f3 Bf5 24. Qd2 fxg3 25. hxg3 Bh6 26. Qxb4 Bd3 27. Rf2 Qg5 28.
Qxd6 Ne4 29. fxe4 Rxf2 30. Bc1 Qf6 31. e5 Qg7 32. Kxf2 Bxc1 33. Rxc1 Rf8+ 34.
Nf3 Qh6 35. Rd1 Be4 36. d5 Bxf3 37. Bxf3 Qh2+ 38. Ke3 Qh6+ 39. Kf2 Qh2+ 40. Ke3
Qh6+ 41. Kd4 c5+ 42. Qxc5 Rxf3 43. Rd3 Rf8 44. Qd6 Qc1 45. Kc5 1-0

[Event "Monarch Assurance Isle of Man 4th"]
[Site "Port Erin IOM"]
[Date "1995.10.11"]
[Round "5"]
[White "Tolhuizen, Ludo"]
[Black "Churm, Rohan"]
[Result "1-0"]
[WhiteElo "2255"]
[BlackElo "2115"]
[PlyCount "93"]
[EventDate "1995.10.07"]
[EventType "swiss"]
[EventRounds "9"]
[EventCountry "IOM"]
[SourceTitle "BritBase"]

1. d4 d5 2. Nf3 e6 3. c4 c6 4. Nc3 Nf6 5. cxd5 exd5 6. Bg5 h6 7. Bf4 Bf5 8. e3
Bd6 9. Bxd6 Qxd6 10. Qb3 Nbd7 11. Be2 O-O 12. O-O Qc7 13. Qd1 Ne4 14. Rc1 Nxc3
15. Rxc3 Nf6 16. Bd3 Bxd3 17. Qxd3 Ne4 18. Rc2 Qe7 19. Rb1 a5 20. Nd2 Nxd2 21.
Qxd2 Qb4 22. Qd3 Rfe8 23. h3 Qd6 24. Rc5 Ra6 25. Qc3 Rea8 26. Re1 f5 27. Qb3 b6
28. Rc3 b5 29. Rec1 Rf8 30. Qc2 Rf6 31. g3 a4 32. Qe2 Qe6 33. Qf3 g5 34. Kh2
Qf7 35. Rc5 h5 36. h4 f4 37. gxf4 gxf4 38. Rg1+ Kf8 39. e4 dxe4 40. Qxe4 Ra7
41. Rxc6 Rxc6 42. Qxc6 Re7 43. Qxb5 f3 44. Qb8+ Re8 45. Qd6+ Re7 46. Re1 Qg7
47. Qxe7+ 1-0

[Event "Monarch Assurance Isle of Man 4th"]
[Site "Port Erin IOM"]
[Date "1995.10.12"]
[Round "6"]
[White "Bellin, Jana"]
[Black "Sher, Miron N"]
[Result "0-1"]
[WhiteElo "2210"]
[BlackElo "2510"]
[PlyCount "58"]
[EventDate "1995.10.07"]
[EventType "swiss"]
[EventRounds "9"]
[EventCountry "IOM"]
[SourceTitle "BritBase"]

1. d4 e6 2. c4 c5 3. d5 exd5 4. cxd5 d6 5. Nc3 g6 6. e4 Bg7 7. h3 Nf6 8. Nf3
O-O 9. Bd3 b5 10. Nxb5 Re8 11. O-O Nxe4 12. Qc2 a6 13. Na3 Nf6 14. Bg5 Nbd7 15.
Nc4 Nb6 16. Rfe1 Rxe1+ 17. Rxe1 Nbxd5 18. Be4 Nb4 19. Qd1 d5 20. a3 Bb7 21.
axb4 dxe4 22. Nfe5 Qc7 23. bxc5 Nd5 24. Ng4 h5 25. Nge3 Qxc5 26. Qb3 Bc6 27.
Rd1 a5 28. Nd2 Nb4 29. Qc4 Qxg5 0-1

[Event "Monarch Assurance Isle of Man 4th"]
[Site "Port Erin IOM"]
[Date "1995.10.12"]
[Round "6"]
[White "Coull, Alison"]
[Black "Tolhuizen, Ludo"]
[Result "0-1"]
[WhiteElo "2115"]
[BlackElo "2255"]
[PlyCount "114"]
[EventDate "1995.10.07"]
[EventType "swiss"]
[EventRounds "9"]
[EventCountry "IOM"]
[SourceTitle "BritBase"]

1. e4 Nf6 2. Nc3 d5 3. exd5 Nxd5 4. Bc4 e6 5. Qf3 Nxc3 6. bxc3 Be7 7. d4 O-O 8.
Ne2 c5 9. O-O Nc6 10. dxc5 Ne5 11. Qe4 Nxc4 12. Qxc4 Qc7 13. Be3 e5 14. Rab1
Be6 15. Qb5 Rab8 16. f4 Rfc8 17. fxe5 Bxc5 18. Qxc5 Qxc5 19. Bxc5 Rxc5 20. Nd4
Bxa2 21. Ra1 Bc4 22. Rfe1 a6 23. e6 fxe6 24. Nxe6 Bxe6 25. Rxe6 Rxc3 26. Rb1
Rxc2 27. Rxa6 Rc1+ 28. Rxc1 bxa6 29. Ra1 Ra8 30. Ra5 Kf7 31. Kf2 Ke6 32. Ke3
Kd6 33. Kd4 Kc6 34. Kc4 Kb6 35. Ra2 a5 36. Rb2+ Kc6 37. Ra2 Ra7 38. Ra4 Kb6 39.
Ra2 Rc7+ 40. Kd4 Rd7+ 41. Kc4 Rc7+ 42. Kd4 Kb5 43. Rb2+ Ka4 44. h3 Ka3 45. Rb8
a4 46. Kd3 Ka2 47. Ra8 a3 48. Rb8 Ka1 49. Ra8 Rd7+ 50. Kc2 a2 51. Rb8 Rf7 52.
g4 Rf2+ 53. Kc1 Rf3 54. Rb7 Rc3+ 55. Kd2 Rxh3 56. Ra7 Kb2 57. Rb7+ Rb3 0-1

[Event "Monarch Assurance Isle of Man 4th"]
[Site "Port Erin IOM"]
[Date "1995.10.12"]
[Round "6"]
[White "Engqvist, Thomas"]
[Black "Conlon, Joseph P"]
[Result "1-0"]
[WhiteElo "2405"]
[BlackElo "2040"]
[PlyCount "97"]
[EventDate "1995.10.07"]
[EventType "swiss"]
[EventRounds "9"]
[EventCountry "IOM"]
[SourceTitle "BritBase"]

1. d4 Nf6 2. Nf3 g6 3. c4 Bg7 4. g3 O-O 5. Bg2 d6 6. O-O Nbd7 7. Nc3 e5 8. h3
h6 9. e4 Nh7 10. Be3 Ng5 11. Nxg5 hxg5 12. Rc1 c6 13. d5 c5 14. Qd2 Nb6 15. b3
g4 16. hxg4 Bxg4 17. f3 Bd7 18. Kf2 f5 19. Ke2 Nc8 20. Rh1 b5 21. Bh6 Qf6 22.
Bxg7 Qxg7 23. Qg5 Qf6 24. Qxf6 Rxf6 25. cxb5 Rf7 26. a4 Rb8 27. Rb1 Be8 28. Kd2
Nb6 29. Bf1 Nd7 30. Bd3 Nf8 31. exf5 gxf5 32. Rh5 Bd7 33. Rbh1 Ng6 34. g4 Rbf8
35. gxf5 Bxf5 36. Bxf5 Rxf5 37. Rxf5 Rxf5 38. Ke3 Rf8 39. a5 Rb8 40. Kd3 Nf4+
41. Kc4 Kg7 42. Ne4 Rd8 43. a6 Ng6 44. b6 axb6 45. Ra1 Ne7 46. a7 b5+ 47. Kxb5
Nxd5 48. Kc6 Ne7+ 49. Kc7 1-0

[Event "Monarch Assurance Isle of Man 4th"]
[Site "Port Erin IOM"]
[Date "1995.10.12"]
[Round "6"]
[White "Grant, Jonathan"]
[Black "Moskovic, David"]
[Result "1-0"]
[WhiteElo "2275"]
[BlackElo "2165"]
[PlyCount "51"]
[EventDate "1995.10.07"]
[EventType "swiss"]
[EventRounds "9"]
[EventCountry "IOM"]
[SourceTitle "BritBase"]

1. c4 e6 2. Nf3 d5 3. b3 Nf6 4. g3 a5 5. Bb2 a4 6. Qc1 Nc6 7. Bg2 Be7 8. O-O
O-O 9. d4 Ne4 10. Ne5 f5 11. f3 Nxe5 12. dxe5 Bg5 13. e3 Nc5 14. Rd1 axb3 15.
cxd5 bxa2 16. Qxc5 axb1=Q 17. Raxb1 b6 18. Qc3 Ra5 19. f4 Bh6 20. Ba3 Bb7 21.
dxe6 Qa8 22. Bxb7 Rxa3 23. Bxa8 Rxc3 24. e7 Re8 25. Bd5+ Kh8 26. Bf7 1-0

[Event "Monarch Assurance Isle of Man 4th"]
[Site "Port Erin IOM"]
[Date "1995.10.12"]
[Round "6"]
[White "Hartman, Christer"]
[Black "Hansen, Soren Bech"]
[Result "1-0"]
[WhiteElo "2345"]
[BlackElo "2295"]
[PlyCount "103"]
[EventDate "1995.10.07"]
[EventType "swiss"]
[EventRounds "9"]
[EventCountry "IOM"]
[SourceTitle "BritBase"]

1. e4 c5 2. Nf3 Nc6 3. d4 cxd4 4. Nxd4 Qb6 5. Nb3 Nf6 6. Nc3 e6 7. Bd3 Be7 8.
O-O d6 9. Kh1 Qc7 10. f4 a6 11. Qf3 O-O 12. Bd2 Re8 13. Rae1 Nd7 14. a3 b5 15.
e5 Bb7 16. Qh3 Nf8 17. exd6 Bxd6 18. Ne4 Be7 19. Nec5 Rad8 20. Nxb7 Qxb7 21.
Be4 Qc7 22. Bc3 f5 23. Bf3 Bd6 24. g3 b4 25. axb4 Bxb4 26. Re3 Qb6 27. Rfe1
Bxc3 28. bxc3 Na5 29. Nd4 Nc4 30. R3e2 Qb2 31. Bc6 Qxc3 32. Bxe8 Qxd4 33. Bc6
a5 34. Qg2 Rd6 35. Bb5 Nb6 36. Bd3 a4 37. Re5 a3 38. Qg1 Qc3 39. Rc5 Qf6 40.
Ra1 Qb2 41. Rb5 Qc3 42. Rb3 Qc6+ 43. Qg2 Nd5 44. c4 Ne3 45. Qxc6 Rxc6 46. Rc3
Nd7 47. Be2 Nd5 48. Rcxa3 N5b6 49. Ra7 h6 50. Rd1 Nf6 51. Rd8+ Kh7 52. Ra6 1-0

[Event "Monarch Assurance Isle of Man 4th"]
[Site "Port Erin IOM"]
[Date "1995.10.12"]
[Round "6"]
[White "Howell, James C"]
[Black "Arakhamia Grant, Ketevan"]
[Result "1-0"]
[WhiteElo "2525"]
[BlackElo "2420"]
[PlyCount "129"]
[EventDate "1995.10.07"]
[EventType "swiss"]
[EventRounds "9"]
[EventCountry "IOM"]
[SourceTitle "BritBase"]

1. e4 c5 2. Nf3 Nc6 3. d4 cxd4 4. Nxd4 Nf6 5. Nc3 e5 6. Ndb5 d6 7. Bg5 a6 8.
Na3 b5 9. Bxf6 gxf6 10. Nd5 f5 11. Bd3 Be6 12. O-O Bxd5 13. exd5 Ne7 14. c3 Bg7
15. Qh5 Qd7 16. Rad1 O-O 17. Bb1 h6 18. g3 Rac8 19. Nc2 a5 20. Ne3 e4 21. Kh1
f4 22. gxf4 f5 23. Rg1 Kh8 24. Qh3 Qe8 25. Rg5 Ng6 26. Rxf5 Nxf4 27. Qg4 Be5
28. Rxf8+ Qxf8 29. Bxe4 Rc7 30. Nf5 Rf7 31. f3 h5 32. Qg5 Nh3 33. Qh4 Rxf5 34.
Qxh3 Rg5 35. Qd7 Qg8 36. Qe6 Qf8 37. Rg1 Rxg1+ 38. Kxg1 Qg8+ 39. Kf1 Qg5 40.
Qe8+ Kg7 41. Qxb5 Qc1+ 42. Ke2 Bf4 43. Qb7+ Kf6 44. Kd3 Qd1+ 45. Kc4 Qa4+ 46.
b4 axb4 47. cxb4 Qxa2+ 48. Kb5 Qxh2 49. Qd7 Qe2+ 50. Kb6 Be5 51. Qd8+ Kf7 52.
Qd7+ Kf6 53. b5 h4 54. Qd8+ Kf7 55. Qd7+ Kf8 56. Kc7 h3 57. Qf5+ Ke7 58. Qe6+
Kf8 59. Qh6+ Ke7 60. Qh4+ Kf7 61. Qh7+ Kf8 62. b6 Qc4+ 63. Kd8 Qb4 64. Qh6+ Bg7
65. Qf4+ 1-0

[Event "Monarch Assurance Isle of Man 4th"]
[Site "Port Erin IOM"]
[Date "1995.10.12"]
[Round "6"]
[White "Kristensen, Bjarke"]
[Black "Hebden, Mark"]
[Result "0-1"]
[WhiteElo "2440"]
[BlackElo "2570"]
[PlyCount "130"]
[EventDate "1995.10.07"]
[EventType "swiss"]
[EventRounds "9"]
[EventCountry "IOM"]
[SourceTitle "BritBase"]

1. e4 e5 2. Nf3 Nc6 3. Bb5 a6 4. Ba4 Nf6 5. O-O b5 6. Bb3 Be7 7. Re1 O-O 8. a4
Bb7 9. Nc3 Na5 10. Ba2 b4 11. Nd5 b3 12. Nxf6+ Bxf6 13. cxb3 d5 14. exd5 e4 15.
Rxe4 Qxd5 16. Re1 Nc6 17. b4 Qh5 18. Bc4 Nxb4 19. Ra3 Rad8 20. Rae3 c5 21. Qb3
Qg6 22. d3 Ba8 23. h4 h6 24. Re4 Bxe4 25. dxe4 Bd4 26. Bf4 Kh8 27. a5 f6 28.
Bc7 Rd7 29. Bb6 Nc6 30. Bxa6 Ne5 31. Bb5 Rb7 32. Kf1 Rfb8 33. Bc4 Qg4 34. Nxe5
fxe5 35. Qh3 Qf4 36. Qf3 Qxh4 37. b3 Qe7 38. Qg3 Rf8 39. f3 Rf6 40. Ke2 Kh7 41.
Rh1 Rb8 42. Rh5 Rbf8 43. Rf5 Rxf5 44. exf5 e4 45. Qg6+ Kh8 46. Qe6 exf3+ 47.
gxf3 Qg5 48. a6 Qg2+ 49. Kd3 Qxf3+ 50. Kc2 Qc3+ 51. Kd1 Be3 52. Ke2 Bg5 53. Qe4
Qd2+ 54. Kf3 Qh2 55. Qe6 Qh5+ 56. Ke4 Qh1+ 57. Ke5 Be3 58. a7 Bd4+ 59. Kf4 Qg2
60. Qf7 Rxf7 61. Bxf7 Qg5+ 62. Ke4 Qg4+ 63. Kd5 Qxf5+ 64. Kc6 Qxf7 65. a8=Q+
Kh7 0-1

[Event "Monarch Assurance Isle of Man 4th"]
[Site "Port Erin IOM"]
[Date "1995.10.12"]
[Round "6"]
[White "Martinovsky, Eugene"]
[Black "Rosten, Oliver"]
[Result "0-1"]
[WhiteElo "2305"]
[BlackElo "2190"]
[PlyCount "106"]
[EventDate "1995.10.07"]
[EventType "swiss"]
[EventRounds "9"]
[EventCountry "IOM"]
[SourceTitle "BritBase"]

1. d4 e6 2. c4 Nf6 3. g3 d5 4. Nf3 Bb4+ 5. Bd2 Be7 6. Bg2 c6 7. Qc2 b6 8. Ne5
Bb7 9. O-O Nfd7 10. Nxd7 Nxd7 11. e4 dxe4 12. Qxe4 Nf6 13. Qe3 Qd7 14. Bc3 O-O
15. Re1 Rfe8 16. Nd2 Rad8 17. Nb3 Ba6 18. Bf1 Bb7 19. Bg2 Ba6 20. Bf1 Bb7 21.
Bh3 c5 22. dxc5 Qc6 23. f3 Nd7 24. cxb6 axb6 25. Qe4 Qc7 26. Qe2 h5 27. Bg2 h4
28. gxh4 Bxh4 29. Red1 Bg5 30. Kh1 Bf4 31. h3 Nf8 32. Nd4 Ng6 33. b4 Qe7 34.
Rg1 Qg5 35. Bf1 Qh5 36. Rg4 e5 37. Nc2 e4 38. Re1 exf3 39. Qxe8+ Rxe8 40. Rxe8+
Kh7 41. Kg1 Qf5 42. Nd4 Qb1 43. Be1 Qxa2 44. Rxf4 Nxf4 45. Re7 Qa1 46. Nf5 Qf6
47. Rxb7 Qxf5 48. Rxb6 Nxh3+ 49. Kh2 f2 50. Bd2 Ng1 51. Rb5 Qg4 52. Kh1 Nf3 53.
Bd3+ g6 0-1

[Event "Monarch Assurance Isle of Man 4th"]
[Site "Port Erin IOM"]
[Date "1995.10.12"]
[Round "6"]
[White "O'Donovan, Richard"]
[Black "Nicholson, John"]
[Result "1/2-1/2"]
[WhiteElo "2230"]
[BlackElo "2065"]
[PlyCount "41"]
[EventDate "1995.10.07"]
[EventType "swiss"]
[EventRounds "9"]
[EventCountry "IOM"]
[SourceTitle "BritBase"]

1. e4 c5 2. Nf3 Nc6 3. Bb5 g6 4. O-O Bg7 5. c3 Nf6 6. Re1 O-O 7. d3 Qc7 8. Be3
d6 9. Nbd2 a6 10. Bxc6 Qxc6 11. d4 c4 12. h3 Bd7 13. Bf4 b5 14. Qe2 Rfe8 15.
Qe3 Nh5 16. e5 d5 17. Bh6 f5 18. Bxg7 Nxg7 19. e6 Qxe6 20. Qh6 Qf6 21. Ng5
1/2-1/2

[Event "Monarch Assurance Isle of Man 4th"]
[Site "Port Erin IOM"]
[Date "1995.10.12"]
[Round "6"]
[White "Pliester, Leon"]
[Black "Gibeon, David"]
[Result "1-0"]
[WhiteElo "2375"]
[BlackElo "2075"]
[PlyCount "94"]
[EventDate "1995.10.07"]
[EventType "swiss"]
[EventRounds "9"]
[EventCountry "IOM"]
[SourceTitle "BritBase"]

1. d4 Nf6 2. c4 e6 3. Nc3 Bb4 4. e3 b6 5. Nge2 Ba6 6. a3 Bxc3+ 7. Nxc3 d5 8. b3
O-O 9. Be2 Nc6 10. a4 Na5 11. Ba3 Re8 12. O-O Rc8 13. Nb5 Ne4 14. f3 Bxb5 15.
fxe4 Ba6 16. e5 c5 17. dxc5 dxc4 18. b4 Nb3 19. b5 Qg5 20. Bxc4 Qxe3+ 21. Kh1
Nxa1 22. Qxa1 Qe4 23. Qc1 Bb7 24. c6 Bxc6 25. bxc6 Rxc6 26. Qf4 Qxf4 27. Rxf4
Rec8 28. Ba6 Rd8 29. Bd6 f6 30. h3 Rcxd6 31. exd6 Rxd6 32. Rc4 Rd7 33. Bb5 Re7
34. Kg1 Kf7 35. Kf2 f5 36. Ke3 Kf6 37. Kd4 g5 38. Rc8 e5+ 39. Kd5 e4 40. Rf8+
Kg6 41. Kd6 a6 42. Kxe7 axb5 43. Rf6+ Kh5 44. axb5 f4 45. Rxb6 Kh4 46. Re6 e3
47. b6 Kg3 1-0

[Event "Monarch Assurance Isle of Man 4th"]
[Site "Port Erin IOM"]
[Date "1995.10.12"]
[Round "6"]
[White "Sadler, Matthew"]
[Black "Van Mil, Johannes A J"]
[Result "1-0"]
[WhiteElo "2565"]
[BlackElo "2435"]
[PlyCount "65"]
[EventDate "1995.10.07"]
[EventType "swiss"]
[EventRounds "9"]
[EventCountry "IOM"]
[SourceTitle "BritBase"]

1. Nf3 g6 2. e4 Bg7 3. d4 c6 4. c4 d5 5. e5 Bg4 6. Nbd2 e6 7. h3 Bxf3 8. Nxf3
Nd7 9. Bd3 Ne7 10. O-O O-O 11. Bg5 h6 12. Be3 dxc4 13. Bxc4 Nb6 14. Bd3 Nf5 15.
Rc1 Nd5 16. Qd2 Kh7 17. a3 Rc8 18. Rc2 Rc7 19. b4 Qe7 20. Kh2 Nfxe3 21. fxe3 h5
22. e4 Bh6 23. exd5 Bxd2 24. d6 Bf4+ 25. g3 Qd7 26. gxf4 Rcc8 27. Ng5+ Kh6 28.
Rg1 f5 29. Bc4 Rce8 30. Rgc1 a6 31. a4 h4 32. b5 cxb5 33. Ba2 1-0